Group representation theory for physicists
Salvato in:
| Autore principale: | |
|---|---|
| Natura: | Libro |
| Lingua: | inglese |
| Pubblicazione: |
Singapur
World Scientific
1989
|
| Soggetti: | |
| Tags: |
Aggiungi Tag
Nessun Tag, puoi essere il primo ad aggiungerne!!
|
MARC
| LEADER | 00000nam a2200000 a 4500 | ||
|---|---|---|---|
| 001 | UCH1713 | ||
| 003 | CL-VaPUC | ||
| 008 | 090507e19890000si |||||||||||||||||eng|d | ||
| 020 | |a 997150099X | ||
| 082 | 0 | 4 | |a 512.2 |b CHE |2 21 |
| 100 | 0 | |a Chen, Jin-Quan |e author |9 536197 | |
| 245 | 1 | 0 | |a Group representation theory for physicists |
| 300 | |a 540 p | ||
| 942 | |c BK | ||
| 945 | |d 20090507 00:00:00 |a dcastane | ||
| 260 | |a Singapur |b World Scientific |c 1989 | ||
| 650 | 0 | |a Teoría de grupos |9 270028 | |
| 650 | 0 | |a Física |9 227844 | |
| 583 | |a last modification |c 20171221 03:03:49 |k Rodrigo Vera | ||
| 999 | |c 333628 |d 333626 | ||
| 952 | |0 0 |1 0 |4 0 |6 512_200000000000000_CHE_1989 |7 0 |8 A |9 422161 |a BIBCUR |b BIBCUR |d 2019-11-22 |i 4543912 |l 2 |o 512.2 CHE 1989 |p 4543912 |r 2025-04-22 |s 2023-10-18 |w 2019-11-22 |y BK |k FIS | ||